Toplumsal cinsiyet istatistikleri = (Record no. 200419605)

MARC details
000 -LEADER
fixed length control field 01043 a2200301 4500
001 - CONTROL NUMBER
control field 200419605
003 - CONTROL NUMBER IDENTIFIER
control field TR-AnTOB
005 - DATE AND TIME OF LATEST TRANSACTION
control field 20241003093934.0
008 - FIXED-LENGTH DATA ELEMENTS--GENERAL INFORMATION
fixed length control field 140528b tu 000 0
020 ## - INTERNATIONAL STANDARD BOOK NUMBER
International Standard Book Number 9789751959485
040 ## - CATALOGING SOURCE
Original cataloging agency TR-AnTOB
Language of cataloging tur
Description conventions rda
Transcribing agency TR-AnTOB
041 0# - LANGUAGE CODE
Language code of text/sound track or separate title Türkçe
-- İngilizce
050 00 - LIBRARY OF CONGRESS CALL NUMBER
Classification number HQ1726.7
Item number .T675 2013
090 ## - LOCALLY ASSIGNED LC-TYPE CALL NUMBER (OCLC); LOCAL CALL NUMBER (RLIN)
Classification number (OCLC) (R) ; Classification number, CALL (RLIN) (NR) HQ1726.7
Local cutter number (OCLC) ; Book number/undivided call number, CALL (RLIN) .T675 2013
245 10 - TITLE STATEMENT
Title Toplumsal cinsiyet istatistikleri =
Remainder of title gender statistics 2013 /
Statement of responsibility, etc. [haz.] Türkiye İstatistik Kurumu.
264 #1 - PRODUCTION, PUBLICATION, DISTRIBUTION, MANUFACTURE, AND COPYRIGHT NOTICE
Place of production, publication, distribution, manufacture Ankara :
Name of producer, publisher, distributor, manufacturer Türkiye İstatistik Kurumu,
Date of production, publication, distribution, manufacture, or copyright notice 2014.
300 ## - PHYSICAL DESCRIPTION
Extent xxiii, 136 pages :
Other physical details graphics, tables ;
Dimensions 21 cm
336 ## - CONTENT TYPE
Content type term text
Source rdacontent
Content type code txt
337 ## - MEDIA TYPE
Media type term unmediated
Source rdamedia
Media type code n
338 ## - CARRIER TYPE
Carrier type term volume
Source rdacarrier
Carrier type code nc
490 0# - SERIES STATEMENT
Series statement Türkiye İstatistik Kurumu Yayın no ;
Volume/sequential designation 4152
650 #0 - SUBJECT ADDED ENTRY--TOPICAL TERM
Topical term or geographic name entry element Kadınlar
Geographic subdivision Türkiye
Form subdivision İstatistikler
9 (RLIN) 86536
Topical term or geographic name entry element Erkekler
Geographic subdivision Türkiye
Form subdivision İstatistikler
9 (RLIN) 99076
Topical term or geographic name entry element Ekonomik göstergeler
Geographic subdivision Türkiye
Source of heading or term etuturkob
9 (RLIN) 18460
Topical term or geographic name entry element Sosyal göstergeler
Geographic subdivision Türkiye
9 (RLIN) 19553
942 ## - ADDED ENTRY ELEMENTS (KOHA)
Koha item type Book
Source of classification or shelving scheme Library of Congress Classification
Holdings
Withdrawn status Lost status Source of classification or shelving scheme Not for loan Collection code Home library Current library Shelving location Date acquired Source of acquisition Total Checkouts Total Renewals Total Holds Full call number Barcode Date last seen Date last checked out Copy number Date shelved Koha item type
    Library of Congress Classification Ödünç Verilebilir / Available Genel Koleksiyon Merkez Kütüphane Merkez Kütüphane Genel Koleksiyon / Main Collection 26/05/2014 Bağış / Donation 2 1   HQ1726.7 .T675 2013 0044392 25/07/2018 02/07/2018 1 26/05/2014 Book
Devinim Yazılım Eğitim Danışmanlık tarafından Koha'nın orjinal sürümü uyarlanarak geliştirilip kurulmuştur.